000 00875nam a2200229Ia 4500
008 0000002000 ve a 0000000000spa00
020 _a980334126X
090 _aPSP00 M69m
100 1 _aMoya, Antonio
_d1942
245 1 0 _aMoya
_c/ Antonio Moya ; director Héctor Iguini ; fotografías Ricardo Jiménez, Asdrúbal Perdomo
264 _aCaracas : Galería Dimaca
300 _a16 p.
_c/ 27 cm.
500 _aExposición realizada en la Galería Dimaca, Julio 2, 2000 \ Con el patronazgo del maestro venezolano Jesús Rafael Soto (q.e.p.d.)
600 0 0 _a MOYA, ANTONIO, 1942/
_xTRABAJOS PICTORICOS
650 1 4 _a PINTURA ESPAÑOLA
650 1 4 _aARTE CONTEMPORANEO ESPAÑOL
650 1 4 _xCATALOGOS
650 1 4 _xEXPOSICIONES
650 1 4 _aPINTORES ESPAÑOLES
700 1 _aIguini, Héctor \ Jiménez, Ricardo \ Perdomo, Asdrúbal
999 _c782
_d782
260 _c2000